Le Magasin pittoresque / (Record no. 1409)
[ view plain ]
| 000 -LEADER | |
|---|---|
| campo de control de longitud fija | 00944nas a22003131i#4500 |
| 001 - NÚMERO DE CONTROL | |
| campo de control | 1409 |
| 003 - IDENTIFICADOR DE NÚMERO DE CONTROL | |
| campo de control | ES-MaACL |
| 005 - FECHA Y HORA DE LA ÚLTIMA TRANSACCIÓN | |
| campo de control | 20250812062553.0 |
| 007 - CAMPO FIJO DE DESCRIPCIÓN FÍSICA--INFORMACIÓN GENERAL | |
| campo de control de longitud fija | t| |
| 008 - DATOS DE LONGITUD FIJA--INFORMACIÓN GENERAL | |
| campo de control de longitud fija | 950801d18331938fr s|0p | 1 ||re d |
| 080 ## - NÚMERO DE LA CLASIFICACIÓN DECIMAL UNIVERSAL | |
| Número de la Clasificación Decimal Universal | 44 |
| 080 ## - NÚMERO DE LA CLASIFICACIÓN DECIMAL UNIVERSAL | |
| Número de la Clasificación Decimal Universal | 008 |
| 080 ## - NÚMERO DE LA CLASIFICACIÓN DECIMAL UNIVERSAL | |
| Número de la Clasificación Decimal Universal | 7 |
| 245 03 - MENCIÓN DEL TÍTULO | |
| Título | Le Magasin pittoresque / |
| Mención de responsabilidad, etc. | publié sous la direction de Euryale Cazeaux et Edouard Charton. |
| 260 ## - PUBLICACIÓN, DISTRIBUCIÓN, ETC. | |
| Lugar de publicación, distribución, etc. | Paris : |
| Nombre del editor, distribuidor, etc. | J. Best, |
| Fecha de publicación, distribución, etc. | 1833-1938. |
| 300 ## - DESCRIPCIÓN FÍSICA | |
| Extensión | 38 v. : |
| Otras características físicas | il., grab. ; |
| Dimensiones | 30 cm. |
| 310 ## - PERIODICIDAD ACTUAL | |
| Periodicidad actual | Quincenal |
| 321 ## - PERIODICIDAD ANTERIOR | |
| Periodicidad anterior | Mensual, |
| Fechas de la periodicidad anterior | 1833-85 |
| 362 0# - FECHAS DE PUBLICACIÓN Y/O DESIGNACIÓN SECUENCIAL | |
| Fecha de publicación y/o designación secuencial | 1re année (1833)-105e année (1938) |
| 500 ## - NOTA GENERAL | |
| Nota general | Los índices van colocados al final de la revista. |
| 650 14 - PUNTO DE ACCESO ADICIONAL DE MATERIA--TÉRMINO DE MATERIA | |
| Término de materia o nombre geográfico como elemento de entrada | Revistas de información general. |
| 9 (RLIN) | 16896 |
| 650 07 - PUNTO DE ACCESO ADICIONAL DE MATERIA--TÉRMINO DE MATERIA | |
| Término de materia o nombre geográfico como elemento de entrada | Arte |
| Fuente del encabezamiento o término | embne |
| 9 (RLIN) | 10068 |
| 700 1# - ENTRADA AGREGADA--NOMBRE PERSONAL | |
| Nombre de persona | Cazeaux, Euryale. |
| 9 (RLIN) | 141420 |
| 700 1# - ENTRADA AGREGADA--NOMBRE PERSONAL | |
| Nombre de persona | Charton, Edouard. |
| 9 (RLIN) | 126464 |
| 852 ## - LOCALIZACIÓN | |
| Ubicación | ES-MaACL |
| Número de control de estantería | Z-16 |
| Signatura antigua | Olim: Hem-128 |
| 866 #0 - MENCIÓN TEXTUAL DE FONDOS--UNIDAD BIBLIOGRÁFICA BÁSICA | |
| Fondos | 1833-75,1877-84,1886-94. |
| 942 ## - ELEMENTOS DE ENTRADA SECUNDARIOS (KOHA) | |
| Fuente del sistema de clasificación o colocación | Clasificación decimal universal |
| Estatus retirado | Estado de pérdida | Fuente del sistema de clasificación o colocación | Estado de daño | No para préstamo | Colección | Biblioteca de origen | Biblioteca actual | Ubicación en estantería | Fecha de adquisición | Total de préstamos | Signatura topográfica completa | Código de barras | Visto por última vez | Precio de reemplazo | Tipo de ítem Koha |
|---|---|---|---|---|---|---|---|---|---|---|---|---|---|---|---|
| Clasificación decimal universal | Periódicos y Revistas | Biblioteca del Ateneo de Madrid | Biblioteca del Ateneo de Madrid | Depósito Z | 17/01/2008 | Z-16 | 1001437 | 23/02/2023 | 23/02/2023 | Revista |
